000 00607nam a2200241 a 4500
001 nice12345678
003 IN_TiNIC
005 20260116011815.0
008 050524s0000 kana grp 000 0 urd
020 _a
_c100
082 0 0 _a297.293
_bALI
100 _aAli, Syed Muhammad
245 _aAina-E-Islam
_b Reply to Safdar Ali`s Niyaz Namah.
260 _aKanpur
_bNami Press
_c0000
300 _a98p
500 _aincludes index and biblioraphy
505 2 _aIllustrated
650 _aIslam-Apologetic Works
700 1 _aAli, Syed Muhammad
902 _bSRS
942 _cBK
999 _c4111
_d4111